Los euskaros en Alava, Guipúzcoa y Vizcaya (Record no. 169145)

MARC details
000 -LEADER
campo de control de longitud fija 00791nam a22002055i 4500
001 - NÚMERO DE CONTROL
campo de control 169145
003 - IDENTIFICADOR DE NÚMERO DE CONTROL
campo de control ES-MaACL
005 - FECHA Y HORA DE LA ÚLTIMA TRANSACCIÓN
campo de control 20250911063602.0
008 - DATOS DE LONGITUD FIJA--INFORMACIÓN GENERAL
campo de control de longitud fija 080819s1879 sp |||| | spa d
080 ## - NÚMERO DE LA CLASIFICACIÓN DECIMAL UNIVERSAL
Número de la Clasificación Decimal Universal 94(460.15)
080 ## - NÚMERO DE LA CLASIFICACIÓN DECIMAL UNIVERSAL
Número de la Clasificación Decimal Universal 39(460.15)
100 1# - ENTRADA PRINCIPAL--NOMBRE DE PERSONA
Nombre de persona Velasco, Ladislao de,
Fechas asociadas al nombre 1817-1891
9 (RLIN) 133600
245 14 - MENCIÓN DEL TÍTULO
Título Los euskaros en Alava, Guipúzcoa y Vizcaya
Resto del título : sus orígenes, historia, lengua, leyes, costumbres y tradiciones /
Mención de responsabilidad, etc. por Ladislao de Velasco y Fernández de la Cuesta.
260 ## - PUBLICACIÓN, DISTRIBUCIÓN, ETC.
Lugar de publicación, distribución, etc. Barcelona :
Nombre del editor, distribuidor, etc. Impr. de Oliveres,
Fecha de publicación, distribución, etc. 1879.
300 ## - DESCRIPCIÓN FÍSICA
Extensión 557 p., [11] h. de lám., [1] h. pleg. de map. ;
Dimensiones 21 cm.
651 #4 - PUNTO DE ACCESO ADICIONAL DE MATERIA--NOMBRE GEOGRÁFICO
Nombre geográfico País Vasco-
Subdivisión general Historia.
9 (RLIN) 9152
651 #4 - PUNTO DE ACCESO ADICIONAL DE MATERIA--NOMBRE GEOGRÁFICO
Nombre geográfico País Vasco-
Subdivisión general Usos y costumbres.
9 (RLIN) 9162
852 ## - LOCALIZACIÓN
Ubicación ES-MaACL
Número de control de estantería F-11502
itemnumber R.143614
Holdings
Estatus retirado Estado de pérdida Estado de daño No para préstamo Colección Biblioteca de origen Biblioteca actual Ubicación en estantería Fecha de adquisición Fuente de adquisición Total de préstamos Signatura topográfica completa Código de barras Visto por última vez Precio de reemplazo Tipo de ítem Koha
        Libros del s. XIX Biblioteca del Ateneo de Madrid Biblioteca del Ateneo de Madrid Sala Pecera Planta 2 19/08/2008     F-11502 1177586 23/02/2023 23/02/2023 Libro impreso antiguo